| 000 | 01296cam a2200325 a 4500 | ||
|---|---|---|---|
| 999 |
_c24667 _d24667 |
||
| 001 | 3505984 | ||
| 003 | OSt | ||
| 005 | 20170130085744.0 | ||
| 008 | 950718s1996 mauaf b 001 0 eng | ||
| 010 | _a 95023906 | ||
| 020 | _a0674539702 (alk. paper) | ||
| 040 |
_aDLC _cDLC _dDLC |
||
| 043 |
_aa-cc--- _aa-ja--- |
||
| 050 | 0 | 0 |
_aND1043 _b.C34 1996 |
| 082 | 0 | 0 |
_a759.951 _220 |
| 100 | 1 |
_aCahill, James, _d1926-2014. |
|
| 245 | 1 | 4 |
_aThe lyric journey : _bpoetic painting in China and Japan / _cJames Cahill. |
| 260 |
_aCambridge, Mass. : _bHarvard University Press, _c1996. |
||
| 300 |
_ax, 251 p., [8] p. of plates : _bill. (some col.) ; _c28 cm. |
||
| 500 | _a"The Edwin O. Reischauer lectures, 1993"--P. [i]. | ||
| 504 | _aIncludes bibliographical references (p. [229]-240) and index. | ||
| 650 | 0 | _aPainting, Chinese. | |
| 650 | 0 |
_aArt and literature _zChina. |
|
| 650 | 0 | _aPainting, Japanese. | |
| 650 | 0 |
_aArt and literature _zJapan. |
|
| 906 |
_a7 _bcbc _corignew _d1 _eocip _f19 _gy-gencatlg |
||
| 942 |
_2lcc _cBOOKS _hND 1043 .C34 1996 |
||